000 01175cam a22003497a 4500
003 CHAP
005 20220329133522.0
008 971013s1990 r 00010 d
010 _a7337
011 _a8309
035 _a7535
040 _cCHAP
082 _a624.151
_bD4
100 0 0 _aDe Boodt, Marcel F.
_931381
245 0 _aSoil colloids and their associations in aggregates
260 _aNew York :
_bPlenum Press,
_c1990
300 _a598 p.
490 0 _aNATO ASI Series B: Physics
_v; 215
590 _aBATCH-UPD
_b10
_c20130110
_lUCH01
_h1527
590 _aBATCH-UPD
_b10
_c20130410
_lUCH01
_h0936
590 _aBATCH-UPD
_b10
_c20130914
_lUCH01
_h1010
590 _aCONVERSION
_b10
_c20130109
_lUCH01
_h1305
650 1 4 _aColoides.
_925341
650 1 4 _aMecánica de suelos.
_973824
650 1 4 _aSuelos
_xAgregados.
_9110196
650 1 4 _aSuelos
_xEstructura.
_9110360
711 0 _aWorkshop on Soil Colloids and Their Associations in Aggregates (1984: Ghent, Belgium)
_9122672
830 0 _aNATO ASI Series B: Physics
_v; 215
_980400
901 _aBK
942 _cLIBRO
949 _a624.151 D4
_bBC
_cLIBRO
_d33724000018172
_eLIBRO
_gI.165542
_h83715
_i7535
_si
_t500.00
999 _c7337
_d7337